| 000 | 06293namaa22004331i 4500 | ||
|---|---|---|---|
| 003 | EG-GICUC | ||
| 005 | 20260502094630.0 | ||
| 008 | 260502s2025 ua a|||frm||| 000 0 eng d | ||
| 040 |
_aEG-GICUC _beng _cEG-GICUC _dEG-GICUC _erda |
||
| 041 | 0 |
_aeng _beng _bara |
|
| 049 | _aDeposit | ||
| 082 | 0 | 4 | _a368.2 |
| 092 |
_a368.2 _221 |
||
| 097 | _aM.Sc | ||
| 099 | _aCai01.05.03.M.Sc.2025.Sa.A | ||
| 100 | 0 |
_aSarah Ali Ahmed Hamed, _epreparation. |
|
| 245 | 1 | 3 |
_aAn Analytical Study of the Marine Liability Risks of Protection and Indemnity Clubs (P&I Clubs) / _cby Sarah Ali Ahmed Hamed ; Supervised Prof. Mohamed Abdel Moneim Gouda, Dr. Asmaa Mohamed Hussein. |
| 246 | 1 | 5 | _aدراسة تحليلية لمخاطر المسئولية البحرية لدى أندية الحماية والتعويض (P&I Clubs) |
| 264 | 0 | _c2025. | |
| 300 |
_a172 Leaves : _billustrations ; _c30 cm. + _eCD. |
||
| 336 |
_atext _2rda content |
||
| 337 |
_aUnmediated _2rdamedia |
||
| 338 |
_avolume _2rdacarrier |
||
| 502 | _a Thesis (M.Sc)-Cairo University, 2025. | ||
| 504 | _aBibliography: pages 164-168. | ||
| 520 | 3 | _aIn the vast and complex realm of maritime commerce, where massive vessels carry invaluable cargo across unpredictable seas, creating a complex landscape of risk that demands sophisticated risk management approaches. This study examines marine liability risks and their insurance form and mechanisms while developing a flexible modeling tool for predicting claim arrivals of claim events. This thesis examines marine liability risks and their insurance mechanisms while developing a flexible forecasting model for claim arrivals that can function effectively with limited historical data. The study provides comprehensive comparative analysis of market insurance and Protection & Indemnity (P&I) Clubs, revealing how these distinct mechanisms address different liability categories through complementary coverage structures. Further analysis investigates the establishment patterns of P&I Clubs across international and national contexts, extracting lessons from successful implementations. To represent the temporal dynamics in a flexible framework, both homogeneous and non-homogeneous Poisson process models are employed. The non-homogeneous model with Gaussian kernel estimation proved to be a robust approach in comparison to constant-intensity homogeneous specification. A further analysis involved comparing model performance under independence and time-varying intensity assumptions, in which the non-homogeneous specification with weekly-scale kernel smoothing demonstrated superior forecasting capability. The model successfully validated through Anderson-Darling and Kolmogorov-Smirnov tests while requiring minimal input data. The comparative analysis demonstrates that market insurance provides limited collision liability coverage with extensive exclusions, while P&I Clubs offer comprehensive protection for third-party liabilities. Analysis of P&I Club development patterns indicates that successful establishments emerge from genuine market needs and grow through demonstrated operational value, with national clubs serving underserved segments through local expertise. | |
| 520 | 3 | _aالغرض - تهدف هذه الدراسة إلى تحليل مخاطر المسؤولية البحرية وآليات تأمينها، مع تطوير نموذج تنبؤي مرن لتقدير وصول المطالبات. كما تتناول الدراسة أنماط تأسيس أندية الحماية والتعويض (P&I Clubs) على المستويين الدولي والوطني، مستخلصةً الدروس التي يمكن تطبيقها في تطوير أندية إقليمية. التصميم / المنهجية / النهج – استندت الدراسة إلى بيانات المجموعة الدولية لأندية الحماية والتعويض، والتي تغطي 1,046 حادثة على مدى عشرين عاماً (1999–2019). وتم تطبيق نماذج عمليات بواسون المتجانسة وغير المتجانسة لتحليل وصول المطالبات، إلى جانب استخدام تقدير النواة غاوس غير بارمتري (non-parametric Gaussian kernel estimation) والنموذج الخطي اللوغاريتمي باراميترى (parametric log-linear specifications). كما جرى التحقق من صلاحية النماذج إحصائياً باستخدام اختبارات أندرسون–دارلينغ وكولموغوروف–سميرنوف. النتائج - أظهرت النتائج أن مطالبات المسؤولية البحرية تتبع عملية بواسون غير متجانسة ذات شدة متناقصة مع الزمن. وقدّم تقدير النواة غاوس أداءً تفوق النماذج الأخرى، مع نجاح التحقق الإحصائي واعتماده على حد أدنى من البيانات. الأصالة / القيمة / المساهمة - تعتبر هذه الدراسة، حسب علم الباحث، أول بحث تجريبي يقوم بمقارنة منهجية بين التأمين البحري التجاري وتغطيات أندية الحماية والتعويض، ويطوّر نموذجاً تنبؤي قادرًا على العمل بفعالية مع حد أدنى من البيانات، كما يحلل أنماط تأسيس الأندية على المستويين الدولي والمحلي. | |
| 530 | _aIssues also as CD. | ||
| 546 | _aText in English and abstract in Arabic & English. | ||
| 650 | 0 | _aMarine insurance | |
| 650 | 0 | _aالتأمين البحري | |
| 653 | 1 |
_aMarine Liability Risks _aP&I Clubs _aIGP&I Clubs, _aHomogenous Poisson Process _aNonhomogeneous Poisson Process _aModeling arrival of claim events _aمخاطر المسؤولية البحرية _aأندية الحماية والتعويض |
|
| 700 | 0 |
_aMohamed Abdel Moneim Gouda, _ethesis advisor. |
|
| 700 | 0 |
_a Asmaa Mohamed Hussein. _ethesis advisor. |
|
| 900 |
_b01-01-2025. _cMohamed Abdel Moneim Gouda _cAsmaa Mohamed Hussein _UCairo University _FFaculty of Commerce _DDepartment of Insurance and Actuarial Sciences |
||
| 905 | _aShimaa | ||
| 942 |
_2ddc _cTH _e21 _n0 |
||
| 999 | _c179884 | ||